000 00297nam a2200133Ia 4500
008 191201s2007 xx 000 0 und d
082 _a005.133
_bSIJ
100 _aSIERRA, Kathy
245 0 _aJAVA 2
260 _aN.Delhi
_bDREAMT
_c2007
300 _a411
650 _aB.Tech(IT)
942 _2ddc
_cBK
999 _c3119
_d3119